Statistics for Famous People Named John

Click here to take the quiz!

General Stats

  • This quiz has been taken 78 times
    (38 since last reset)
  • The average score is 7 of 42

Answer Stats

Answer% Correct
John Travolta
64%
John Lennon
55%
John F. Kennedy
48%
John F. Kennedy, Jr.
45%
John Adams
39%
John Quincy Adams
39%
John Cena
36%
John Wayne
36%
Johnny Depp
27%
Jack Black
24%
Jack Nicholson
24%
John Glenn
18%
Johnny Cash
18%
John Tyler
18%
John Williams
18%
John Goodman
15%
John Legend
15%
Jack White
12%
John McCain
12%
Jackie Stewart
9%
John Denver
9%
John Krasinski
9%
Jack Bruce
6%
Jackie Chan
6%
Jackie Gleason
6%
Jack Ruby
6%
John Coltrane
6%
John Oliver
6%
John Roberts
6%
John Rockefeller
6%
John Wayne Gacy
6%
Jackie Robinson
3%
Jack McBrayer
3%
Jack Oakie
3%
Jack Quaid
3%
John Bolton
3%
John Farnham
3%
John Green
3%
John Hurt
3%
John Mulaney
3%
John Stahl
3%
John von Neumanne
3%

Score Distribution

Percentile by Number Answered

Percent of People with Each Score

Your Score History

You have not taken this quiz since the last reset